LEADER 00870cam0-2200301---450- 001 990005734240403321 005 20150507111118.0 035 $a000573424 035 $aFED01000573424 035 $a(Aleph)000573424FED01 035 $a000573424 100 $a19990604d1953----km-y0itay50------ba 101 0 $aita 102 $aIT 105 $aaf------00-yy 200 1 $aStoria della letteratura portoghese$fdi Giuseppe Carlo Rossi 210 $aFirenze$cSansoni$d1953 215 $aXI, 353 p., 40 tav.$cill.$d23 cm 610 0 $aLetteratura portoghese$aStoria 676 $a869.09$v23$zita 700 1$aRossi,$bGiuseppe Carlo$03795 801 0$aIT$bUNINA$gRICA$2UNIMARC 901 $aBK 912 $a990005734240403321 952 $a869.09 ROS 1$bIst.glott. s.i.$fFLFBC 959 $aFLFBC 996 $aStoria della letteratura portoghese$9572321 997 $aUNINA LEADER 00802nam0-22003011i-450- 001 990002012030403321 005 20040630122335.0 035 $a000201203 035 $aFED01000201203 035 $a(Aleph)000201203FED01 035 $a000201203 100 $a20030910g19691976km-y0itay50------ba 101 0 $aeng 102 $aUS 105 $ay---a---001yy 200 1 $aEriophyid studies$eSeries C$fH.H. Keifer 210 $aSacramento$cU.S.D.A. Agric. Res. Serv.$d1969-1976 215 $a12 fasc.$d23 cm 610 0 $aAcarologia 676 $a595.42 700 1$aKeifer,$bHartford H.$085168 801 0$aIT$bUNINA$gRICA$2UNIMARC 901 $aBK 912 $a990002012030403321 952 $a61 III E.9/74$b1125$fDAGEN 959 $aDAGEN 996 $aEriophyid studies$9402279 997 $aUNINA LEADER 01106nam0-2200373---450- 001 990009668190403321 005 20130125121552.0 010 $a978-1-4051-1178-2 035 $a000966819 035 $aFED01000966819 035 $a(Aleph)000966819FED01 035 $a000966819 100 $a20130118d2011----km-y0itay50------ba 101 0 $aeng 102 $aUS 105 $aa-------001yy 200 1 $aA companion to Greek mythology$fedited by Ken Dowden, Niall Livingstone 210 $aMalden [etc]$cBlackwell$d2011 215 $aXXVII, 643 p.$cill.$d26 cm 225 1 $aBlackwell companions to the ancient world$iLiterature and culture 610 0 $aMitologia greca 610 0 $aMitologia nella letteratura 676 $a398.0938$v22$zita 676 $a398.20938 676 $a292.13$v22$zita 702 1$aDowden,$bKen$f<1950-> 702 1$aLivingstone,$bNiall 801 0$aIT$bUNINA$gRICA$2UNIMARC 901 $aBK 912 $a990009668190403321 952 $a292.13 DOW 3$bD.D.S. 13403$fFLFBC 959 $aFLFBC 996 $aCompanion to Greek mythology$9260032 997 $aUNINA